Apocalypse Now

Durante la guerra de Vietnam, al joven Capitán Willard, un oficial de los servicios de inteligencia del ejército estadounidense, se le ha encomendado entrar en Camboya con la peligrosa misión de eliminar a Kurtz, un coronel renegado que se ha vuelto loco. El capitán deberá ir navegar por el río hast...

Descripción completa

Guardado en:
Autor Principal: Coppola, Francis Ford.
Autor Corporativo: Zoetrope Studios.
Otros Autores: Milius, John; Guion., Conrad, Joseph; Novela., Coppola, Carmine; Música., Coppola, Francis Ford; Música., Storaro, Vittorio; Fotografía., Murch, Walter; Sonido., Sheen, Martin; Reparto., Brando, Marlon; Reparto., Duvall, Robert; Reparto., Forrest, Frederic; Reparto., Bottoms, Sam; Reparto., Fishburne, Laurence; Reparto., Ford, Harrison; Reparto., Hopper, Dennis; Reparto.
Formato: Deslizar
Idioma:Undetermined
Publicado: Estados Unidos : United Artists, 1979.
Materias:
Etiquetas: Agregar Etiqueta
Sin Etiquetas, Sea el primero en etiquetar este registro!
LEADER 01931ngm a22003855a 4500
001 CEM.cems020332
008 230810s1979####xx#---############vlund#d
005 20230810194702.0
245 1 0 |a Apocalypse Now  |h [videograbación] /  |c Francis Ford Coppola. 
260 |a Estados Unidos :  |b United Artists,  |c 1979. 
300 |a 182'. 
520 |a Durante la guerra de Vietnam, al joven Capitán Willard, un oficial de los servicios de inteligencia del ejército estadounidense, se le ha encomendado entrar en Camboya con la peligrosa misión de eliminar a Kurtz, un coronel renegado que se ha vuelto loco. El capitán deberá ir navegar por el río hasta el corazón de la selva, donde parece ser que Kurtz reina como un buda despótico sobre los miembros de la tribu Montagnard, que le adoran como a un dios. -- El guion está basado en El corazón de las tinieblas (Heart of Darkness), una novela corta de Joseph Conrad. 
590 |a Identificación anterior: 112 
538 |a Soporte: DVD -- Formato: DVD – Peso: 4.22gb -- Resolución: 720 x 480 -- 29.97fps 
500 |a Idioma: Inglés – Subtítulos: Español y Portugués. 
100 1 |a Coppola, Francis Ford. 
700 1 |a Milius, John; Guion. 
700 1 |a Conrad, Joseph; Novela. 
700 1 |a Coppola, Carmine; Música. 
700 1 |a Coppola, Francis Ford; Música. 
700 1 |a Storaro, Vittorio; Fotografía. 
700 1 |a Murch, Walter; Sonido. 
700 1 |a Sheen, Martin; Reparto. 
700 1 |a Brando, Marlon; Reparto. 
700 1 |a Duvall, Robert; Reparto. 
700 1 |a Forrest, Frederic; Reparto. 
700 1 |a Bottoms, Sam; Reparto. 
700 1 |a Fishburne, Laurence; Reparto. 
700 1 |a Ford, Harrison; Reparto. 
700 1 |a Hopper, Dennis; Reparto. 
710 2 |a Zoetrope Studios. 
653 |a LARGOMETRAJE 
653 |a FICCIÓN 
653 |a BÉLICO 
859 |a CEMS  |b BIB. CEMS - Depto. Recursos Didacticos  |h 778.5  |i COP-5  |k DRD  |p 3066.23  |t Ej.1